Chapter New Radiation Pattern-Reconfigurable 60-GHz Antenna for 5G Communications (Record no. 34035)

MARC details
000 -LEADER
fixed length control field 00681nam a2200121Ia 4500
008 - FIXED-LENGTH DATA ELEMENTS--GENERAL INFORMATION
fixed length control field 220620s9999||||xx |||||||||||||| ||und||
100 ## - MAIN ENTRY--PERSONAL NAME
Personal name Abdullah, Abdulkareem S.||Al-Behadili, Hasanain A. H.||Abdulkhaleq, Ahmed M.||Ojaroudi Parchin, Naser||Al-Yasir, Yasir I. A.||Abd-Alhameed, Raed A.||Sawadi, Baha A.
245 #0 - TITLE STATEMENT
Title Chapter New Radiation Pattern-Reconfigurable 60-GHz Antenna for 5G Communications
546 ## - LANGUAGE NOTE
Language note English[eng]
650 ## - SUBJECT ADDED ENTRY--TOPICAL TERM
Topical term or geographic name entry element beam steering, 5G antennas, microstrip antennas, NMOS, reconfigurable antennas
856 ## - ELECTRONIC LOCATION AND ACCESS
Uniform Resource Identifier <a href="https://library.oapen.org/bitstream/20.500.12657/49297/1/69031.pdf||https://library.oapen.org/bitstream/20.500.12657/49297/1/69031.pdf">https://library.oapen.org/bitstream/20.500.12657/49297/1/69031.pdf||https://library.oapen.org/bitstream/20.500.12657/49297/1/69031.pdf</a>
942 ## - ADDED ENTRY ELEMENTS (KOHA)
Koha item type E-Books
Holdings
Withdrawn status Lost status Damaged status Not for loan Home library Current library Date acquired Total Checkouts Date last seen Price effective from Koha item type
        Kerala University of Digital Sciences, Innovation and Technology Knowledge Centre Kerala University of Digital Sciences, Innovation and Technology Knowledge Centre 20/06/2022   20/06/2022 20/06/2022 E-Books